[Event "4eme open Provence A"]
[Site "Salon"]
[Date "2013.07.07"]
[Round "3"]
[White "Feraud, Guillaume"]
[Black "Busson, Benoist"]
[Result "1-0"]
[WhiteElo "1706"]
[BlackElo "1972"]
[PlyCount "129"]

1. d4 d5 2. c4 e5 3. dxe5 d4 4. Nf3 Nc6 5. Bf4 Nge7 6. Nbd2 Ng6 7. Bg3 h5 8. h3
Bf5 9. Qa4 Be7 10. O-O-O Bd7 11. Qc2 Nb4 12. Qb1 c5 13. a3 Nc6 14. e3 dxe3 15.
Ne4 Qa5 16. fxe3 O-O-O 17. Be2 Be6 18. Qc2 Rxd1+ 19. Rxd1 Rd8 20. Rxd8+ Qxd8
21. Qd2 Qxd2+ 22. Kxd2 Kd7 23. Nc3 Na5 24. Nd5 Bd8 25. Kc3 Nc6 26. Nf4 Ba5+ 27.
Kb3 Nxf4 28. exf4 Bf5 29. Bf2 Bb6 30. Kc3 f6 31. Bd3 Ke6 32. exf6 gxf6 33. Nh4
Bxd3 34. Kxd3 f5 35. Nf3 Kd6 36. Nh2 Ne7 37. g4 fxg4 38. hxg4 hxg4 39. Nxg4 Bc7
40. Ke4 b6 41. f5 Kd7 42. Nf6+ Kd8 43. Nd5 Ng8 44. f6 Bd6 45. Be3 Ke8 46. Bf4
Bxf4 47. Kxf4 Nh6 48. Ke5 Kd7 49. Ne3 a6 50. a4 Nf7+ 51. Kd5 Nh6 52. b3 a5 53.
Ke5 Nf7+ 54. Kf5 Nd6+ 55. Kg6 Ke8 56. Kg7 Nf7 57. Nd5 Ng5 58. Nxb6 Ne6+ 59. Kg8
Nd8 60. Nd5 Ne6 61. f7+ Kd7 62. f8=Q Nxf8 63. Kxf8 Ke6 64. Ke8 Ke5 65. Kd7 1-0

[Event "4eme open Provence A"]
[Site "Salon"]
[Date "2013.07.07"]
[Round "3"]
[White "Poletti, Fausto"]
[Black "Porte, Jacques"]
[Result "1-0"]
[WhiteElo "1920"]
[BlackElo "1535"]
[PlyCount "183"]

1. c4 g6 2. g3 Bg7 3. Bg2 Nf6 4. Nc3 Nc6 5. e4 d6 6. Nge2 O-O 7. O-O e5 8. d3
Be6 9. Nd5 Ne7 10. Nxf6+ Bxf6 11. Be3 c5 12. f4 Rb8 13. Nc3 exf4 14. Bxf4 Bd4+
15. Kh1 a6 16. Rc1 Be5 17. Bh6 Bg7 18. Bxg7 Kxg7 19. b3 Nc6 20. Qd2 Qe7 21. Ne2
Nd4 22. Nxd4 cxd4 23. Qb2 Bd7 24. Qxd4+ Qe5 25. Qa1 f6 26. d4 Qe7 27. Rfe1 Bc6
28. e5 Bxg2+ 29. Kxg2 Rbd8 30. exf6+ Qxf6 31. d5 Kg8 32. Qxf6 Rxf6 33. Re7 Rdf8
34. Rc2 R6f7 35. Rce2 b5 36. Rxf7 Kxf7 37. Rf2+ Ke7 38. Rxf8 Kxf8 39. cxb5 axb5
40. a4 bxa4 41. bxa4 Ke7 42. Kf3 Kd7 43. Kf4 Kc7 44. Kg5 Kb6 45. Kh6 Kc5 46.
Kxh7 Kxd5 47. Kxg6 Kc6 48. h4 d5 49. h5 d4 50. h6 d3 51. h7 d2 52. h8=Q d1=Q
53. Qf6+ Kc5 54. Qf5+ Kb4 55. Qf4+ Ka3 56. g4 Qd7 57. g5 Qe8+ 58. Qf7 Qe4+ 59.
Kg7 Qd4+ 60. Kg8 Kxa4 61. g6 Qd8+ 62. Kg7 Qd4+ 63. Kf8 Qh8+ 64. Ke7 Qe5+ 65.
Kd8 Qa5+ 66. Ke8 Qe5+ 67. Qe7 Qb8+ 68. Kf7 Qf4+ 69. Kg8 Qc4+ 70. Qf7 Qc8+ 71.
Kg7 Qc3+ 72. Qf6 Qc7+ 73. Kh8 Qh2+ 74. Kg8 Qb8+ 75. Qf8 Qb3+ 76. Kh7 Qh3+ 77.
Qh6 Qd3 78. Qh4+ Kb5 79. Qh5+ Kc6 80. Qh6 Qf5 81. Kg8 Qe6+ 82. Kh8 Qf6+ 83. Kh7
Qf5 84. Qc1+ Kd7 85. Qd2+ Ke7 86. Qe3+ Kf8 87. Qa3+ Ke8 88. Qa4+ Ke7 89. Qa7+
Ke8 90. Qb8+ Ke7 91. Qc7+ Kf8 92. Qd8# 1-0

[Event "4eme open Provence A"]
[Site "Salon"]
[Date "2013.07.08"]
[Round "4"]
[White "Brongers, Henk"]
[Black "Saez, Frederic"]
[Result "0-1"]
[WhiteElo "2082"]
[BlackElo "2290"]
[PlyCount "66"]

1. e4 Nf6 2. e5 Nd5 3. d4 d6 4. c4 Nb6 5. exd6 exd6 6. Bd3 Nc6 7. Be3 Be7 8.
Nc3 Bf6 9. Nge2 Bg4 10. Qd2 Nb4 11. Ng3 d5 12. c5 Nc4 13. Bxc4 dxc4 14. O-O O-O
15. Nce4 Nd5 16. Rac1 Be6 17. Bg5 Be7 18. Rfe1 f6 19. Nc3 fxg5 20. Rxe6 Nf4 21.
Re4 Bxc5 22. Nb1 Bb6 23. Rxc4 Qf6 24. Nc3 h5 25. Re5 Rad8 26. Qe3 h4 27. Nge2
Nd3 28. Nd5 Qxe5 29. Ne7+ Kf7 30. Qf3+ Qf6 31. Qxd3 Qxe7 32. Rc1 Kg8 33. h3 Qf6
0-1

[Event "4eme open Provence A"]
[Site "Salon"]
[Date "2013.07.08"]
[Round "4"]
[White "Petrossian, Armen"]
[Black "Chauvet, Vincent"]
[Result "0-1"]
[WhiteElo "2409"]
[BlackElo "2134"]
[PlyCount "70"]

1. e4 e5 2. Nf3 Nc6 3. Bb5 Nge7 4. O-O a6 5. Ba4 g6 6. d4 exd4 7. Nxd4 Bg7 8.
Nxc6 Nxc6 9. Nc3 O-O 10. Be3 d6 11. Qd2 Na5 12. Bg5 f6 13. Qd5+ Kh8 14. Bf4 Nc6
15. Bxc6 bxc6 16. Qxc6 Bd7 17. Qc4 f5 18. f3 Bb5 19. Nxb5 axb5 20. Qxb5 Rb8 21.
Qd3 Rxb2 22. exf5 Rxf5 23. Be3 Qf6 24. Rab1 Ra5 25. Qe4 Rxb1 26. Rxb1 h6 27.
Rb8+ Kh7 28. Qe8 Qa1+ 29. Kf2 Qxa2 30. Kg3 Re5 31. Qd7 Rxe3 32. Qxc7 Qe6 33.
Rb7 Qe5+ 34. Kh3 Re2 35. f4 Qh5+ 0-1

[Event "4eme open Provence A"]
[Site "Salon"]
[Date "2013.07.08"]
[Round "4"]
[White "Danielan, Kevin"]
[Black "Kolb, Sebastien"]
[Result "1/2-1/2"]
[WhiteElo "1774"]
[BlackElo "2049"]
[PlyCount "68"]

1. d4 Nf6 2. c4 g6 3. Nc3 Bg7 4. e4 d6 5. Nf3 O-O 6. Be2 e5 7. O-O Na6 8. Bg5
h6 9. Bxf6 Bxf6 10. dxe5 dxe5 11. Qxd8 Rxd8 12. Nd5 Bg7 13. Ne7+ Kf8 14. Nxc8
Raxc8 15. Rad1 Ke7 16. Bd3 Rd7 17. a3 Rcd8 18. Bc2 Rxd1 19. Rxd1 Rxd1+ 20. Bxd1
Nc5 21. Bc2 Ne6 22. Kf1 c5 23. Ke1 Nd4 24. Nxd4 cxd4 25. Kd2 Kd6 26. b4 b6 27.
Ba4 f6 28. Be8 g5 29. g4 Bf8 30. Kd3 a5 31. bxa5 bxa5 32. f3 Kc5 33. h3 Kb6 34.
a4 Kc5 1/2-1/2

[Event "4eme open Provence A"]
[Site "Salon"]
[Date "2013.07.08"]
[Round "4"]
[White "Merenciano, Alexandre"]
[Black "Charvein, Gabriel"]
[Result "1/2-1/2"]
[WhiteElo "1877"]
[BlackElo "1870"]
[PlyCount "84"]

1. e4 c6 2. d4 d5 3. f3 dxe4 4. fxe4 e5 5. Nf3 exd4 6. Qxd4 Qxd4 7. Nxd4 Nf6 8.
e5 Ng4 9. Bf4 Bc5 10. c3 O-O 11. b4 Bb6 12. Nd2 Nxe5 13. Bxe5 Re8 14. N4f3 Bc7
15. Nc4 f6 16. O-O-O fxe5 17. Ncxe5 Be6 18. Bc4 Bxc4 19. Nxc4 Re2 20. Nd4 Rxa2
21. Nc2 a5 22. Rhe1 Kf7 23. Rd3 axb4 24. Rf3+ Kg6 25. Re6+ Kg5 26. Ne5 Bxe5 27.
Rxe5+ Kh6 28. Re6+ g6 29. cxb4 Na6 30. Rh3+ Kg5 31. Rxh7 Nxb4 32. Nxb4 Rxg2 33.
Kb1 Rf8 34. h4+ Kf4 35. Re1 Kg4 36. Nc2 Kh3 37. Rh1+ Rh2 38. Rxh2+ Kxh2 39.
Rxb7 Rh8 40. Nd4 c5 41. Nf3+ Kg3 42. Rf7 Re8 1/2-1/2

[Event "4eme open Provence A"]
[Site "Salon"]
[Date "2013.07.08"]
[Round "4"]
[White "Amoros, Jean"]
[Black "Dudognon, Thibault"]
[Result "0-1"]
[WhiteElo "1460"]
[BlackElo "1984"]
[PlyCount "52"]

1. e4 c6 2. e5 d5 3. exd6 exd6 4. Nf3 Nf6 5. c4 d5 6. b3 d4 7. d3 Bb4+ 8. Bd2
Bxd2+ 9. Qxd2 O-O 10. Be2 c5 11. O-O Nc6 12. Na3 Re8 13. h3 h6 14. Nc2 Bf5 15.
a3 Qd6 16. Rfe1 Ne7 17. b4 b6 18. Bf1 g5 19. h4 Qf4 20. hxg5 Qxd2 21. Nxd2 hxg5
22. Re5 Nd7 23. Ree1 Ng6 24. Nf3 f6 25. g3 Nge5 26. Rad1 Nxf3+ 0-1

[Event "4eme open Provence A"]
[Site "Salon"]
[Date "2013.07.08"]
[Round "4"]
[White "Faure, Alexandre"]
[Black "Kavciyan, Yega"]
[Result "1/2-1/2"]
[WhiteElo "1872"]
[BlackElo "1657"]
[PlyCount "91"]

1. e4 c5 2. c3 d5 3. exd5 Qxd5 4. d4 Nc6 5. Nf3 Bg4 6. Be2 e6 7. Be3 cxd4 8.
Bxd4 Nxd4 9. Qxd4 Qxd4 10. Nxd4 Bxe2 11. Kxe2 O-O-O 12. Nd2 Bc5 13. N2b3 Bxd4
14. Nxd4 e5 15. Nf5 g6 16. Ne3 f5 17. Nc4 e4 18. Rad1 Nf6 19. Nd6+ Kc7 20. Nf7
Rxd1 21. Rxd1 Re8 22. c4 Ng4 23. Nd6 Re6 24. Nb5+ Kb6 25. Rd7 Nf6 26. Rf7 a6
27. Nd4 Rd6 28. Nb3 Nd7 29. Rxh7 Nc5 30. Nxc5 Kxc5 31. Rxb7 Kxc4 32. Rb3 Kd4
33. Rb4+ Ke5 34. a4 Rc6 35. Kd2 Rd6+ 36. Ke2 Rc6 37. g3 g5 38. Kd2 Rd6+ 39. Ke2
Rc6 40. Rb8 Rc2+ 41. Kf1 f4 42. gxf4+ gxf4 43. Re8+ Kf5 44. Rf8+ Ke5 45. Re8+
Kf5 46. Rf8+ 1/2-1/2

[Event "4eme open Provence A"]
[Site "Salon"]
[Date "2013.07.08"]
[Round "4"]
[White "Colandrea, Sauveur"]
[Black "Massardo, Quentin"]
[Result "1/2-1/2"]
[WhiteElo "1762"]
[BlackElo "1759"]
[PlyCount "45"]

1. c4 Nf6 2. Nc3 e6 3. g3 c5 4. Bg2 Nc6 5. e4 g6 6. Nge2 Bg7 7. d3 Ng4 8. h3
Nf6 9. Be3 d6 10. a3 e5 11. Nd5 Nxd5 12. exd5 Nd4 13. Nxd4 exd4 14. Bf4 Qe7+
15. Qe2 Qxe2+ 16. Kxe2 Be5 17. Bh6 f5 18. Kd2 Bd7 19. Rhe1 Kf7 20. b4 b6 21. h4
a5 22. b5 Rae8 23. Bh3 1/2-1/2

[Event "4eme open Provence A"]
[Site "Salon"]
[Date "2013.07.08"]
[Round "4"]
[White "Catot, Olivier"]
[Black "Poletti, Fausto"]
[Result "0-1"]
[WhiteElo "1559"]
[BlackElo "1920"]
[PlyCount "68"]

1. d4 Nf6 2. Nf3 g6 3. Bf4 Bg7 4. e3 d6 5. Nbd2 O-O 6. Be2 Nbd7 7. O-O c5 8. c3
b6 9. h3 Bb7 10. Re1 a6 11. a4 Rc8 12. Bc4 Rc7 13. Qe2 Qc8 14. Bb3 Ne4 15. Red1
Ndf6 16. Nc4 b5 17. Nb6 Qb8 18. axb5 axb5 19. Qxb5 Bc6 20. Qa6 Rb7 21. Nc4 Bb5
22. Qa3 Bxc4 23. Bxc4 Rxb2 24. dxc5 Nxc5 25. Qxc5 dxc5 26. Bxb8 Rfxb8 27. Bd3
Nd5 28. c4 Nc3 29. Re1 Rd8 30. Bf1 Ne4 31. Ra5 Bc3 32. Rxc5 Nxc5 33. Rc1 Bg7
34. g3 Ne4 0-1

[Event "4eme open Provence A"]
[Site "Salon"]
[Date "2013.07.08"]
[Round "4"]
[White "Benavides, Jeremy"]
[Black "Chabeaudy, Matthieu"]
[Result "1-0"]
[WhiteElo "1788"]
[BlackElo "1716"]
[PlyCount "61"]

1. e4 d6 2. d4 Nf6 3. Nc3 g6 4. Bg5 Bg7 5. f4 O-O 6. Bxf6 Bxf6 7. e5 Bg7 8. Nf3
Nc6 9. Be2 Nb4 10. a3 Na6 11. O-O c5 12. Bxa6 bxa6 13. dxc5 dxc5 14. Qd5 Qxd5
15. Nxd5 e6 16. Ne7+ Kh8 17. Nxc8 Raxc8 18. Rad1 Rcd8 19. Ng5 Bh6 20. Rxd8 Rxd8
21. Nxf7+ Kg8 22. Nxd8 Bf8 23. Nxe6 Be7 24. Nc7 a5 25. Rd1 Kf8 26. Ne6+ Ke8 27.
Rd5 c4 28. c3 Kf7 29. Nd4 Ke8 30. Rxa5 Bc5 31. Rxc5 1-0

[Event "4eme open Provence A"]
[Site "Salon"]
[Date "2013.07.08"]
[Round "4"]
[White "Le Floch, Xavier"]
[Black "Feraud, Guillaume"]
[Result "0-1"]
[WhiteElo "1738"]
[BlackElo "1706"]
[PlyCount "64"]

1. e4 e5 2. Nf3 Nc6 3. Bc4 Bc5 4. b4 Bb6 5. a4 a6 6. Nc3 Nge7 7. Nd5 Ba7 8. c3
d6 9. h3 Nxd5 10. Bxd5 Ne7 11. Bb3 O-O 12. d4 exd4 13. Nxd4 d5 14. e5 f6 15.
exf6 Rxf6 16. O-O h6 17. Bc2 Nc6 18. Be3 Ne5 19. Qe2 Qd6 20. Rfe1 Nc4 21. Qd3
Nxe3 22. Rxe3 Bd7 23. Rae1 Raf8 24. Re7 g6 25. Nf3 R8f7 26. Rxf7 Kxf7 27. Qd2
Kg7 28. Re2 Bxh3 29. gxh3 Rxf3 30. Qe1 Qg3+ 31. Kf1 Qxh3+ 32. Kg1 Rg3# 0-1

[Event "4eme open Provence A"]
[Site "Salon"]
[Date "2013.07.08"]
[Round "4"]
[White "Eisenberg, Philippe"]
[Black "Porte, Jacques"]
[Result "1-0"]
[WhiteElo "1610"]
[BlackElo "1535"]
[PlyCount "101"]

1. d4 Nf6 2. c4 g6 3. Nc3 e6 4. e4 d6 5. Bg5 Be7 6. Bh6 Nbd7 7. Bg7 Rg8 8. Bxf6
Bxf6 9. Nf3 e5 10. Be2 c6 11. dxe5 dxe5 12. Qc2 Qc7 13. O-O-O Nc5 14. Kb1 Bd7
15. Rc1 O-O-O 16. Nd5 cxd5 17. cxd5 Kb8 18. Qxc5 Qxc5 19. Rxc5 Be7 20. Rc3 f6
21. Rhc1 Rc8 22. Rxc8+ Rxc8 23. Rxc8+ Kxc8 24. Kc2 Bc5 25. Kc3 Bxf2 26. Kb4 Bb6
27. Bb5 a6 28. Bxd7+ Kxd7 29. g4 h6 30. Nh4 g5 31. Nf5 Bc7 32. Nxh6 Bd6+ 33.
Ka5 Kc7 34. Ng8 Bc5 35. Nxf6 Bb6+ 36. Kb4 Kd6 37. a4 Bd8 38. Nh5 Bb6 39. Ng3
Bc5+ 40. Kc4 b6 41. Nf5+ Kd7 42. h4 gxh4 43. Nxh4 Ke7 44. Nf3 Bd6 45. g5 Kf7
46. Nh4 Bc5 47. a5 Bd4 48. g6+ Kf6 49. g7 Kf7 50. axb6 Bxb6 51. Nf5 1-0

[Event "4eme open Provence A"]
[Site "Salon"]
[Date "2013.07.09"]
[Round "5"]
[White "Chauvet, Vincent"]
[Black "Saez, Frederic"]
[Result "0-1"]
[WhiteElo "2134"]
[BlackElo "2290"]
[PlyCount "80"]

1. d4 d5 2. c4 c6 3. Nf3 Nf6 4. Nbd2 g6 5. g3 Bg7 6. Bg2 O-O 7. O-O Be6 8. Qc2
a6 9. c5 Bf5 10. Qb3 Qc8 11. Nb1 Nbd7 12. Bf4 Ne4 13. Rc1 Re8 14. Ne5 g5 15.
Nxd7 Qxd7 16. Be3 h6 17. Nc3 Rad8 18. Rd1 Nf6 19. f3 g4 20. Bf2 Nh7 21. e4 gxf3
22. exf5 fxg2 23. Qc2 e6 24. g4 exf5 25. Qxf5 Qxf5 26. gxf5 Ng5 27. Kxg2 Ne4
28. Kf3 Bf6 29. Be3 Kh7 30. Bf4 Ng5+ 31. Bxg5 hxg5 32. Rd3 Kg7 33. Rg1 Rh8 34.
Rd2 Rh4 35. Rg4 Rdh8 36. Rdg2 Bxd4 37. Rxg5+ Kf6 38. Ne2 Bxc5 39. Nf4 Rxh2 40.
R5g4 Rxg2 0-1

[Event "4eme open Provence A"]
[Site "Salon"]
[Date "2013.07.09"]
[Round "5"]
[White "Charvein, Gabriel"]
[Black "Petrossian, Armen"]
[Result "0-1"]
[WhiteElo "1870"]
[BlackElo "2409"]
[PlyCount "34"]

1. Nf3 d5 2. d4 Nf6 3. c4 dxc4 4. Nc3 a6 5. e3 b5 6. a4 b4 7. Na2 e6 8. Bxc4
Bb7 9. Bd2 a5 10. O-O Nbd7 11. Qe2 Bd6 12. Nc1 O-O 13. Nd3 Ne4 14. Nfe5 Bxe5
15. dxe5 Nxd2 16. Qxd2 Nxe5 17. Rac1 Nf3+ 0-1

[Event "4eme open Provence A"]
[Site "Salon"]
[Date "2013.07.09"]
[Round "5"]
[White "Kolb, Sebastien"]
[Black "Merenciano, Alexandre"]
[Result "1-0"]
[WhiteElo "2049"]
[BlackElo "1877"]
[PlyCount "67"]

1. e4 c6 2. d4 d5 3. exd5 cxd5 4. c4 Nf6 5. Nc3 e6 6. Nf3 Nc6 7. Be2 Bb4 8. O-O
Bxc3 9. bxc3 Ne4 10. Qc2 O-O 11. Bd3 f5 12. Bf4 h6 13. Ne5 Ne7 14. f3 Nd6 15.
c5 Nf7 16. Rae1 Qa5 17. g4 b6 18. Nxf7 Rxf7 19. Bd6 f4 20. Rf2 Bd7 21. Rg2 bxc5
22. Bxc5 Nc6 23. g5 hxg5 24. Rxg5 e5 25. Bh7+ Kh8 26. Bg6 Rf6 27. Qf2 Rxg6 28.
Rxg6 Qxc3 29. Kh1 e4 30. Qh4+ Kg8 31. Rxg7+ Kxg7 32. Rg1+ Kf7 33. Qh7+ Kf6 34.
Qg6# 1-0

[Event "4eme open Provence A"]
[Site "Salon"]
[Date "2013.07.09"]
[Round "5"]
[White "Dudognon, Thibault"]
[Black "Danielan, Kevin"]
[Result "1-0"]
[WhiteElo "1984"]
[BlackElo "1774"]
[PlyCount "57"]

1. e4 c5 2. Nf3 Nc6 3. d4 cxd4 4. Nxd4 Nf6 5. Nc3 e5 6. Ndb5 d6 7. Bg5 a6 8.
Na3 b5 9. Nd5 Be7 10. Bxf6 Bxf6 11. c3 Bg5 12. Nc2 O-O 13. a4 bxa4 14. Rxa4 a5
15. Bc4 Rb8 16. Ra2 Kh8 17. Nce3 g6 18. h4 Bxh4 19. g3 Bg5 20. f4 exf4 21. gxf4
Bh4+ 22. Kf1 f5 23. b4 fxe4 24. Rah2 g5 25. Ke2 Rb7 26. b5 Bg3 27. bxc6 Rg7 28.
Rxh7+ Rxh7 29. Qd4+ 1-0

[Event "4eme open Provence A"]
[Site "Salon"]
[Date "2013.07.09"]
[Round "5"]
[White "Poletti, Fausto"]
[Black "Brongers, Henk"]
[Result "0-1"]
[WhiteElo "1920"]
[BlackElo "2082"]
[PlyCount "70"]

1. c4 e5 2. g3 Nf6 3. Bg2 d5 4. cxd5 Nxd5 5. Nc3 Nb6 6. Nf3 Nc6 7. O-O Be7 8.
d3 O-O 9. Be3 Re8 10. Na4 Bf8 11. Rc1 Nd4 12. Nc5 Nxf3+ 13. Bxf3 Nd5 14. Bd2 c6
15. Qb3 b6 16. Ne4 Bb7 17. Rfd1 h6 18. Nc3 Bc5 19. Ne4 Be7 20. Nc3 Qd7 21. Nxd5
cxd5 22. Rc2 e4 23. Bg2 Bc5 24. Bb4 Bxb4 25. Qxb4 e3 26. f4 Rac8 27. Rdc1 Rxc2
28. Rxc2 h5 29. Bf3 Re6 30. Qe1 d4 31. Bxb7 Qxb7 32. Qc1 h4 33. Rc7 Qd5 34. Qc4
Qh5 35. Rc6 Qxe2 0-1

[Event "4eme open Provence A"]
[Site "Salon"]
[Date "2013.07.09"]
[Round "5"]
[White "Massardo, Quentin"]
[Black "Faure, Alexandre"]
[Result "0-1"]
[WhiteElo "1759"]
[BlackElo "1872"]
[PlyCount "114"]

1. d4 Nf6 2. c4 g6 3. Nf3 Bg7 4. g3 O-O 5. Bg2 d5 6. O-O c6 7. cxd5 cxd5 8. Nc3
Ne4 9. Nxe4 dxe4 10. Ne5 Qd5 11. Bf4 f6 12. Nd3 Nc6 13. Nc5 f5 14. Nb3 Rd8 15.
e3 Bf6 16. Rc1 g5 17. Bc7 Rd7 18. Rc5 Qe6 19. d5 Qf7 20. Bh3 Bg7 21. Re1 Nb4
22. Bf1 b6 23. Rb5 Nxd5 24. Bc4 e6 25. Bxd5 exd5 26. Qc2 Rxc7 27. Qd2 Bb7 28.
a4 Rac8 29. a5 Rc2 30. Qb4 Bf8 31. Qd4 R2c4 32. Qe5 Bc6 33. axb6 Bxb5 34. bxa7
R4c7 35. Nd4 Bg7 36. Qd6 Bxd4 37. exd4 Rxa7 38. h4 gxh4 39. Re3 Rc1+ 40. Kg2
h3+ 41. Kh2 Raa1 42. Qd8+ Be8 43. g4 Rh1+ 44. Kg3 f4+ 45. Kh4 fxe3 46. Qg5+ Kf8
47. Qh6+ Ke7 48. Qxe3 Qf6+ 49. g5 Qg6 50. Qd2 Qh5+ 51. Kg3 Rag1+ 52. Kf4 Qf3+
53. Ke5 Qb3 54. f4 Qb8+ 55. Kxd5 Qd6+ 56. Kxe4 Bg6+ 57. Kf3 Qd5+ 0-1

[Event "4eme open Provence A"]
[Site "Salon"]
[Date "2013.07.09"]
[Round "5"]
[White "Feraud, Guillaume"]
[Black "Colandrea, Sauveur"]
[Result "1-0"]
[WhiteElo "1706"]
[BlackElo "1762"]
[PlyCount "87"]

1. d4 d5 2. c4 Nc6 3. Nc3 dxc4 4. d5 Ne5 5. Qd4 Nc6 6. Qxc4 Na5 7. Qa4+ c6 8.
e4 b5 9. Nxb5 cxb5 10. Bxb5+ Bd7 11. Bxd7+ Qxd7 12. Qxa5 Nf6 13. f3 Rb8 14. Kf2
Rb5 15. Qd2 e6 16. dxe6 Bc5+ 17. Kf1 Qxe6 18. Ne2 O-O 19. Nc3 Rbb8 20. Qe2 Rfe8
21. b3 Bd4 22. Bb2 Rbc8 23. Na4 Bxb2 24. Nxb2 Nd5 25. Nc4 Qf6 26. Rc1 Nc3 27.
Qf2 Nb5 28. g3 Nd6 29. Kg2 Nxc4 30. bxc4 Qa6 {(=)} 31. c5 Re5 32. Rc2 Qc6 33.
Rhc1 f5 34. Qd4 Rce8 35. Qc4+ Kf8 36. exf5 Rxf5 37. Rc3 Rfe5 38. R1c2 g5 39. h3
h5 40. Rd2 Re3 41. Rxe3 Rxe3 42. Qd5 Qf6 43. Qd8+ Kg7 44. Rd7+ 1-0

[Event "4eme open Provence A"]
[Site "Salon"]
[Date "2013.07.09"]
[Round "5"]
[White "Kavciyan, Yega"]
[Black "Eisenberg, Philippe"]
[Result "0-1"]
[WhiteElo "1657"]
[BlackElo "1610"]
[PlyCount "80"]

1. e4 e5 2. Nf3 Nc6 3. d4 exd4 4. Nxd4 Nf6 5. Nxc6 bxc6 6. e5 Qe7 7. Qe2 Nd5 8.
c4 Ba6 9. b3 g6 10. Bb2 Bg7 11. g3 f6 12. exf6 Qxe2+ 13. Bxe2 Nxf6 14. O-O d5
15. Re1 O-O-O 16. cxd5 Bxe2 17. Rxe2 cxd5 18. Re7 Bf8 19. Rf7 Rd6 20. Bxf6 Rxf6
21. Rxf6 Bg7 22. Ra6 Kb7 23. Ra5 c6 24. Nd2 Bxa1 25. Nf3 Rf8 26. Kg2 Kb6 27. b4
Bc3 28. a3 Re8 29. Kf1 h6 30. h3 g5 31. g4 Rf8 32. Ke2 Rf4 33. Rc5 Bb2 34. Ra5
Rc4 35. Nd2 Rc3 36. a4 Ba3 37. Nb1 Bxb4 38. Rxd5 cxd5 39. Nxc3 Bxc3 40. Kd3 Be5
0-1

[Event "4eme open Provence A"]
[Site "Salon"]
[Date "2013.07.09"]
[Round "5"]
[White "Busson, Benoist"]
[Black "Benavides, Jeremy"]
[Result "1/2-1/2"]
[WhiteElo "1972"]
[BlackElo "1788"]
[PlyCount "57"]

1. e4 c5 2. b4 cxb4 3. a3 bxa3 4. Nxa3 d6 5. Bc4 Nf6 6. Qe2 e6 7. Bb2 Be7 8.
Nf3 O-O 9. e5 dxe5 10. Nxe5 Bd7 11. O-O Nc6 12. d4 a6 13. Rfd1 Qc7 14. Ba2 Nxe5
15. dxe5 Nd5 16. Bxd5 exd5 17. Rxd5 Be6 18. Rd3 Rac8 19. Rad1 b5 20. c3 Rfe8
21. Rg3 Qa5 22. Nc2 Bf8 23. Nd4 Bc4 24. Qg4 Qc7 25. Nf5 Qxe5 26. Nh6+ Kh8 27.
Qxc4 Rxc4 28. Nxf7+ Kg8 29. Nh6+ 1/2-1/2

[Event "4eme open Provence A"]
[Site "Salon"]
[Date "2013.07.09"]
[Round "5"]
[White "Le Floch, Xavier"]
[Black "Amoros, Jean"]
[Result "1-0"]
[WhiteElo "1738"]
[BlackElo "1460"]
[PlyCount "81"]

1. e4 b6 2. d4 Bb7 3. Nc3 e6 4. a3 Nf6 5. Bd3 Be7 6. Nf3 d5 7. e5 Nfd7 8. O-O
c5 9. dxc5 bxc5 10. Nb5 a6 11. Nd6+ Bxd6 12. exd6 Nf6 13. Bf4 c4 14. Be2 Ne4
15. Nd4 Nxd6 16. Be5 Nc6 17. Nxc6 Bxc6 18. b4 f6 19. Bb2 e5 20. Bh5+ g6 21. Bf3
e4 22. Qe1 Qe7 23. Bg4 h5 24. Bd1 O-O-O 25. Bd4 Rhf8 26. a4 Qb7 27. Bc5 Rfe8
28. Qc3 Qf7 29. Be2 Re7 30. Rfb1 Rb7 31. Bxd6 Rxd6 32. b5 axb5 33. axb5 Be8 34.
Qb4 Rdb6 35. Ra8+ Rb8 36. Qc5+ Qc7 37. Rxb8+ Kxb8 38. Qxd5 Bc6 39. Qxc4 f5 40.
Qg8+ Kb7 41. c4 1-0

[Event "4eme open Provence A"]
[Site "Salon"]
[Date "2013.07.09"]
[Round "5"]
[White "Chabeaudy, Matthieu"]
[Black "Catot, Olivier"]
[Result "0-1"]
[WhiteElo "1716"]
[BlackElo "1559"]
[PlyCount "78"]

1. d4 Nf6 2. c4 e6 3. Nc3 c5 4. d5 exd5 5. cxd5 d6 6. e4 g6 7. f4 Bg7 8. Bb5+
Nfd7 9. a4 O-O 10. Nf3 Re8 11. Qc2 a6 12. Bc4 Nb6 13. Nd2 Bg4 14. h3 Qh4+ 15.
Kf1 Bd4 16. Nf3 Bxf3 17. Bd3 Bg4 18. b3 N8d7 19. Bb2 Re7 20. a5 Nc8 21. Re1 b5
22. Nd1 Bxd1 23. Rxd1 Qxf4+ 24. Ke1 Bxb2 25. Qxb2 Ne5 26. Bb1 f5 27. Rf1 Qg3+
28. Qf2 Qxf2+ 29. Rxf2 fxe4 30. Kd2 e3+ 31. Kxe3 Ng4+ 32. Kf3 Nxf2 33. Kxf2 Re5
34. Kf3 Ne7 35. Be4 Re8 36. h4 Kg7 37. g4 h6 38. Kf4 Ng8 39. Re1 Nf6 0-1

[Event "4eme open Provence A"]
[Site "Salon"]
[Date "2013.07.09"]
[Round "6"]
[White "Saez, Frederic"]
[Black "Petrossian, Armen"]
[Result "1-0"]
[WhiteElo "2290"]
[BlackElo "2409"]
[PlyCount "61"]

1. e4 c6 2. d4 d5 3. e5 Bf5 4. Nf3 e6 5. Be2 Nd7 6. O-O Ne7 7. Nbd2 h6 8. Nb3
Bh7 9. Bd2 Nf5 10. Rc1 Be7 11. c4 dxc4 12. Na5 g5 13. g4 Nxd4 14. Nxd4 Nxe5 15.
Nf3 Nd3 16. Rxc4 Nxb2 17. Qa1 Bf6 18. Bc3 Bxc3 19. Rxc3 Qxa5 20. Qxb2 O-O 21.
Re3 Qa4 22. Ne5 Rad8 23. Qxb7 Rd2 24. Bc4 Rd4 25. Bb3 Qb5 26. Qe7 c5 27. Rc1 c4
28. Rxc4 Rxc4 29. Nxc4 Rc8 30. Qxf7+ Kxf7 31. Nd6+ 1-0

[Event "4eme open Provence A"]
[Site "Salon"]
[Date "2013.07.09"]
[Round "6"]
[White "Chauvet, Vincent"]
[Black "Dudognon, Thibault"]
[Result "1-0"]
[WhiteElo "2134"]
[BlackElo "1984"]
[PlyCount "145"]

1. d4 Nf6 2. c4 e6 3. Nc3 Bb4 4. Qc2 d5 5. a3 Bxc3+ 6. Qxc3 Ne4 7. Qc2 c5 8.
dxc5 Nc6 9. Nf3 Qa5+ 10. Bd2 Qxc5 11. e3 Nxd2 12. Nxd2 d4 13. b4 Qe7 14. e4 e5
15. c5 Be6 16. Bb5 O-O 17. O-O Rfd8 18. Qd3 Qc7 19. Rab1 a6 20. Bc4 Bd7 21. Qg3
Be8 22. Nf3 Kh8 23. Rb3 f6 24. Nh4 Bf7 25. Bxf7 Qxf7 26. Nf5 g6 27. Nd6 Qe7 28.
f4 Rf8 29. f5 g5 30. Qd3 Rad8 31. Qc4 Rxd6 32. cxd6 Qxd6 33. Rd3 Rc8 34. Qf7
Qe7 35. Qb3 b5 36. Rc1 Kg7 37. Rc5 Na5 38. Qc2 Rxc5 39. Qxc5 Qxc5 40. bxc5 h5 {
(=)} 41. Kf2 Kh6 42. Rd1 Nc6 43. Rb1 Kg7 44. Ke2 Kf7 45. a4 b4 46. a5 Kf8 47.
Kd3 Ke7 48. Kc4 Kd7 49. Rd1 h4 50. h3 b3 51. Kxb3 Nxa5+ 52. Kb4 Nb7 53. Ra1 a5+
54. Kb5 Kc7 55. Ra3 Kc8 56. Kb6 Kb8 57. g3 Kc8 58. gxh4 gxh4 59. Ra1 Nd8 60. c6
Nf7 61. Rxa5 Kd8 62. Rd5+ Kc8 63. c7 d3 64. Rxd3 Nd6 65. Rd1 Nc4+ 66. Kc6 Na5+
67. Kd6 Nb7+ 68. Ke7 Nc5 69. Kxf6 Nxe4+ 70. Kxe5 Nf2 71. Rd4 Nxh3 72. Kd6 Ng5
73. Rxh4 1-0

[Event "4eme open Provence A"]
[Site "Salon"]
[Date "2013.07.09"]
[Round "6"]
[White "Faure, Alexandre"]
[Black "Kolb, Sebastien"]
[Result "0-1"]
[WhiteElo "1872"]
[BlackElo "2049"]
[PlyCount "100"]

1. e4 c5 2. c3 Nf6 3. e5 Nd5 4. d4 cxd4 5. Nf3 Nc6 6. cxd4 d6 7. h3 e6 8. Bc4
Nb6 9. Bb3 dxe5 10. dxe5 Qxd1+ 11. Bxd1 Nc4 12. O-O N4xe5 13. Nxe5 Nxe5 14. Bf4
Ng6 15. Ba4+ Bd7 16. Bxd7+ Kxd7 17. Rd1+ Ke8 18. Bg3 Bb4 19. a3 Ba5 20. b4 Rd8
21. Nc3 Bb6 22. Nb5 Rxd1+ 23. Rxd1 Ke7 24. Bd6+ Kf6 25. Bg3 e5 26. Rd7 Rb8 27.
a4 Ke6 28. Rd6+ Ke7 29. Rd5 a6 30. a5 {(=)} Rd8 31. Nc3 Bd4 32. Rxd8 Kxd8 33.
Ne4 f6 34. Kf1 Kd7 35. Ke2 f5 36. Ng5 f4 37. Bh2 Bc3 38. Nxh7 Bxb4 39. g3 Bxa5
40. gxf4 exf4 41. Kf3 Bd8 42. Bxf4 Nxf4 43. Kxf4 Be7 44. Ke4 a5 45. f4 a4 46.
Kd3 b5 47. Ng5 Bxg5 48. fxg5 a3 49. Kc3 b4+ 50. Kb3 Ke6 0-1

[Event "4eme open Provence A"]
[Site "Salon"]
[Date "2013.07.09"]
[Round "6"]
[White "Eisenberg, Philippe"]
[Black "Brongers, Henk"]
[Result "0-1"]
[WhiteElo "1610"]
[BlackElo "2082"]
[PlyCount "60"]

1. d4 Nf6 2. c4 g6 3. Nc3 Bg7 4. e4 d6 5. f3 O-O 6. Be3 c5 7. Nge2 Nc6 8. Qd2
cxd4 9. Nxd4 Bd7 10. Be2 Rc8 11. O-O Ne5 12. b3 h5 13. Rac1 Kh7 14. Nd5 Ng8 15.
h3 Bh6 16. f4 Nc6 17. g4 e6 18. Nc3 Nxd4 19. Qxd4 Qh4 20. Kg2 hxg4 21. Bxg4 e5
22. Qd1 exf4 23. Bxf4 Bxf4 24. Rxf4 Qg5 25. Kf3 f5 26. exf5 gxf5 27. Qxd6 fxg4+
28. hxg4 Qxg4+ 29. Ke3 Qg3+ 30. Ke2 Bg4+ 0-1